000
00291nam a22001457a 4500
008
210302b ||||| |||| 00| 0 eng d
020
_a
003005293
041
_a
eng
080
_a
781
082
_a
781
100
_a
45
101
_a
MUZ
245
_a
Music
_c
Meske, E.B
942
_2
udc
_c
BK
999
_c
55437
_d
55437